000 00316nam a22001337a 4500
020 _a9781408312384
082 _a823.92
_bMEA
100 _aMeadows,Daisy
245 _aFlorence the friendship fairy
260 _aAustralia:
_bOrchard Books,
_c2011.
300 _a160p. ;
563 _aPB
942 _2ddc
_cBK
999 _c614861
_d614861